Kỹ thuật robot : Giáo trình dùng cho sinh viên đại học khồi kỹ thuật
Trình bày các khái niệm cơ bản và phân loại robot. Giới thiệu về động học và động lực học tay máy. Cơ sở điều khiển, thiết kế và lựa chọn robot. Hệ thống điều khiển robot. Ứng dụng robot công nghiệp. Tay máy có kết cấu động học song so...
Kaydedildi:
| Yazar: | |
|---|---|
| Materyal Türü: | Kitap |
| Dil: | Undetermined |
| Baskı/Yayın Bilgisi: |
Hà Nội
Khoa học và Kỹ thuật
2013
|
| Konular: | |
| Etiketler: |
Etiketle
Etiket eklenmemiş, İlk siz ekleyin!
|
| Thư viện lưu trữ: | Trung tâm Học liệu Trường Đại học Cần Thơ |
|---|
| LEADER | 01112nam a2200241Ia 4500 | ||
|---|---|---|---|
| 001 | CTU_196537 | ||
| 008 | 210402s9999 xx 000 0 und d | ||
| 020 | |c 118000 | ||
| 082 | |a 629.892 | ||
| 082 | |b H307 | ||
| 100 | |a Đào, Văn Hiệp | ||
| 245 | 0 | |a Kỹ thuật robot : | |
| 245 | 0 | |b Giáo trình dùng cho sinh viên đại học khồi kỹ thuật | |
| 245 | 0 | |c Đào Văn Hiệp | |
| 260 | |a Hà Nội | ||
| 260 | |b Khoa học và Kỹ thuật | ||
| 260 | |c 2013 | ||
| 520 | |a Trình bày các khái niệm cơ bản và phân loại robot. Giới thiệu về động học và động lực học tay máy. Cơ sở điều khiển, thiết kế và lựa chọn robot. Hệ thống điều khiển robot. Ứng dụng robot công nghiệp. Tay máy có kết cấu động học song song | ||
| 526 | |a Động lực học và điều khiển robot | ||
| 526 | |b CN609 | ||
| 650 | |a Mechatronics,Cơ điện tử | ||
| 904 | |i Hải | ||
| 980 | |a Trung tâm Học liệu Trường Đại học Cần Thơ | ||